[Event "IRL-ch Seniors 65"]
[Site "Dublin"]
[Date "2024.01.06"]
[Round "4"]
[White "O'Sullivan, Tom"]
[Black "O'Connell, Michael Joseph"]
[Result "1-0"]
[WhiteElo "1580"]
[BlackElo "1352"]
[PlyCount "77"]
[EventDate "2024.01.04"]
[EventType "swiss"]
[EventRounds "7"]
[EventCountry "IRL"]
[SourceTitle "CB02_2024"]
[SourceDate "2024.01.10"]
[SourceVersion "1"]
[SourceVersionDate "2024.01.10"]
[SourceQuality "1"]

1. d4 Nf6 2. c4 e5 3. dxe5 Ng4 4. Nf3 Bc5 5. e3 Nc6 6. e6 0-0 7. exf7+ Rxf7 8. Nc3 Nf6 9. Be2 Qe7 10. 0-0 Ne5 11. Nd5 Nxd5 12. Qxd5 Nxf3+ 13. Bxf3 c6 14. Qe4 Qf8 15. Bd2 d6 16. Qh4 Bf5 17. Bc3 Bg6 18. Rad1 Rd8 19. Bd4 Bb6 20. c5 Bc7 21. cxd6 Qxd6 22. Bxa7 Qf6 23. Qxf6 Rxf6 24. Rxd8+ Bxd8 25. Rd1 Rf8 26. Bc5 Re8 27. Rd7 b6 28. Bd4 Bf6 29. Bxf6 gxf6 30. Bxc6 Rc8 31. Bd5+ Kf8 32. Bb3 Bh5 33. f3 Bg6 34. e4 f5 35. exf5 Rc1+ 36. Kf2 Be8 37. Rxh7 Bb5 38. f6 Rb1 39. Rh8# 1-0

[Event "IRL-ch Seniors 65"]
[Site "Dublin"]
[Date "2024.01.05"]
[Round "2"]
[White "Killane, Jack"]
[Black "O'Connell, Michael Joseph"]
[Result "1/2-1/2"]
[WhiteElo "1733"]
[BlackElo "1352"]
[PlyCount "41"]
[EventDate "2024.01.04"]
[EventType "swiss"]
[EventRounds "7"]
[EventCountry "IRL"]
[SourceTitle "CB02_2024"]
[SourceDate "2024.01.10"]
[SourceVersion "1"]
[SourceVersionDate "2024.01.10"]
[SourceQuality "1"]

1. e4 d6 2. d4 g6 3. Nc3 Bg7 4. Be3 Nf6 5. Be2 c6 6. h3 Qa5 7. Qd2 Nbd7 8. Nf3 Qc7 9. 0-0 a5 10. a4 e5 11. Rfd1 0-0 12. Bh6 Re8 13. Bxg7 Kxg7 14. dxe5 dxe5 15. Qe3 Qb6 16. Qxb6 Nxb6 17. Rd2 Bd7 18. Rad1 Rac8 19. Kf1 Rc7 20. Ne1 Be6 21. b3 1/2-1/2

[Event "Dublin Irish op"]
[Site "Dublin"]
[Date "2019.04.21"]
[Round "7"]
[White "Fitzpatrick, Kevin"]
[Black "O'Connell, Michael Joseph"]
[Result "1/2-1/2"]
[WhiteElo "1427"]
[BlackElo "1508"]
[PlyCount "21"]
[EventDate "2019.04.17"]
[EventType "swiss"]
[EventRounds "9"]
[EventCountry "IRL"]
[SourceTitle "CBM 190 Extra"]
[Source "ChessBase"]
[SourceDate "2019.07.15"]
[SourceVersion "1"]
[SourceVersionDate "2019.07.15"]
[SourceQuality "1"]

1. d4 Nf6 2. Nc3 d5 3. Bg5 e6 4. f3 Be7 5. Bf4 Nc6 6. e3 a6 7. Bd3 Bd6 8. Bg5 Be7 9. Bf4 Bd6 10. Bg5 Be7 11. Bf4 1/2-1/2